[Event "Euskadi-chT (Vasca) Div Honor"]
[Site "Bergara"]
[Date "2018.01.20"]
[Round "2.4"]
[White "Alcaide Luque, Aitor"]
[Black "Etchegaray, Patrice"]
[Result "0-1"]
[WhiteElo "2057"]
[BlackElo "2354"]
[PlyCount "65"]
[EventDate "2018.01.13"]
[EventType "team-tourn"]
[EventRounds "9"]
[EventCountry "ESP"]
[SourceTitle "EXT 2020"]
[Source "ChessBase"]
[SourceDate "2019.10.17"]
[SourceVersion "1"]
[SourceVersionDate "2019.10.17"]
[SourceQuality "1"]
[WhiteTeam "Arrasate/Arlutz"]
[BlackTeam "Gros"]
[WhiteTeamCountry "ESP"]
[BlackTeamCountry "ESP"]

1. d4 Nf6 2. Bg5 d5 3. Bxf6 exf6 4. e3 Bd6 5. g3 c6 6. Bg2 Nd7 7. Nd2 f5 8. Ne2 Nf6 9. 0-0 h5 10. h4 Ne4 11. Nf3 g5 12. hxg5 Nxg5 13. Nf4 Ne4 14. Qd3 Be6 15. c4 dxc4 16. Nxe6 fxe6 17. Qxc4 Qe7 18. Nh4 Nd2 19. Qc2 Nxf1 20. Ng6 Qf6 21. Nxh8 Nxe3 22. fxe3 Qxh8 23. Qb3 Qh6 24. Qxb7 Qxe3+ 25. Kh1 Rb8 26. Qg7 Rb6 27. Qh8+ Kd7 28. Qxh5 Qxg3 29. Rg1 Qf4 30. b3 Rb8 31. Re1 Rf8 32. Rf1 Qxd4 33. Rd1 0-1

[Event "San Sebastian Gros op 27th"]
[Site "San Sebastian"]
[Date "2017.06.24"]
[Round "2"]
[White "Alcaide Luque, Aitor"]
[Black "Velten, Paul"]
[Result "0-1"]
[WhiteElo "2093"]
[BlackElo "2449"]
[PlyCount "68"]
[EventDate "2017.06.23"]
[EventType "swiss"]
[EventRounds "9"]
[EventCountry "ESP"]
[SourceTitle "CBM 179 Extra"]
[Source "ChessBase"]
[SourceDate "2017.08.23"]
[SourceVersion "1"]
[SourceVersionDate "2017.08.23"]
[SourceQuality "1"]

1. d4 d5 2. c4 c6 3. Nf3 Nf6 4. e3 Bg4 5. Qb3 Qb6 6. Ne5 Bf5 7. Nc3 e6 8. Qxb6 axb6 9. cxd5 exd5 10. Bd3 Bxd3 11. Nxd3 Ne4 12. Bd2 Nd7 13. f3 Nxd2 14. Kxd2 Be7 15. a4 0-0 16. Ra2 Rfd8 17. Rha1 Bd6 18. h3 Bc7 19. b4 h5 20. g4 h4 21. g5 Nf8 22. f4 Ne6 23. Rg1 g6 24. Rg4 Ng7 25. Ne5 Nf5 26. Rg1 c5 27. Ng4 cxd4 28. Nf6+ Kg7 29. Ncxd5 dxe3+ 30. Ke2 Rac8 31. Rc1 Nd4+ 32. Kd3 Nb3 33. Rxc7 Rxc7 34. Ra3 Re7 0-1

[Event "Euskadi-chT (Vasca) Div Honor"]
[Site "Bergara"]
[Date "2017.01.28"]
[Round "3.3"]
[White "Cinza Lopez, Javier"]
[Black "Alcaide Luque, Aitor"]
[Result "1/2-1/2"]
[WhiteElo "1990"]
[BlackElo "2101"]
[PlyCount "100"]
[EventDate "2017.01.14"]
[EventType "team-tourn"]
[EventRounds "9"]
[EventCountry "ESP"]
[SourceTitle "EXT 2024"]
[Source "ChessBase"]
[SourceDate "2023.10.10"]
[SourceVersion "1"]
[SourceVersionDate "2023.10.10"]
[SourceQuality "1"]

1. e4 e6 2. d4 d5 3. e5 c5 4. c3 Nc6 5. Nf3 Nh6 6. a3 f6 7. Bd3 Nf7 8. Qe2 Qc7 9. Bf4 cxd4 10. cxd4 g5 11. Be3 g4 12. Nh4 fxe5 13. Qxg4 exd4 14. Bf4 Bd6 15. Bxd6 Qxd6 16. 0-0 Bd7 17. f4 0-0-0 18. Nd2 Qe7 19. Qh5 Be8 20. Qg4 Bd7 21. Qh5 Be8 22. Qg4 Qf6 23. Rae1 Bd7 24. Qh5 Rdg8 25. Bb5 Nfd8 26. Bxc6 Nxc6 27. Nhf3 Qxf4 28. Rf2 Rf8 29. Ref1 Rf5 30. Qh3 Qe3 31. Re1 Qf4 32. Ref1 Qe3 33. Re1 Qd3 34. Qg3 Rhf8 35. Rfe2 e5 36. Qg7 R8f7 37. Qg8+ Rf8 38. Qxd5 e4 39. Qxe4 Qb5 40. Qh4 h5 41. Ne4 Qd5 42. Ng3 d3 43. Rd2 Rxf3 44. gxf3 Ne5 45. Rxe5 Qxe5 46. Qe4 Qc5+ 47. Kg2 Bc6 48. Qe6+ Bd7 49. Ne4 Qc1 50. Qd5 Bc6 1/2-1/2

[Event "Euskadi-ch"]
[Site "Zornotza"]
[Date "2014.04.27"]
[Round "7"]
[White "Marchena Hurtado, Ander"]
[Black "Alcaide Luque, Aitor"]
[Result "1/2-1/2"]
[WhiteElo "2085"]
[BlackElo "2179"]
[PlyCount "52"]
[EventDate "2014.04.21"]
[EventType "swiss"]
[EventRounds "7"]
[EventCountry "ESP"]
[SourceTitle "CBM 160 Extra"]
[Source "ChessBase"]
[SourceDate "2014.07.01"]
[SourceVersion "1"]
[SourceVersionDate "2014.07.01"]
[SourceQuality "1"]

1. e4 e6 2. d4 d5 3. Nc3 Nf6 4. e5 Nfd7 5. f4 c5 6. Nf3 Nc6 7. Be3 cxd4 8. Nxd4 Bc5 9. Qd2 0-0 10. 0-0-0 Bxd4 11. Bxd4 Qa5 12. Kb1 Rb8 13. Nb5 Qxd2 14. Rxd2 a6 15. Nd6 Nxd4 16. Rxd4 Nc5 17. Nxc8 Rbxc8 18. Bd3 Rc7 19. Rd1 Nd7 20. c4 Nb6 21. cxd5 Nxd5 22. g3 g6 23. Be4 Ne3 24. Rd7 Rfc8 25. Rxc7 Rxc7 26. Rd2 Kf8 1/2-1/2

[Event "Euskadi-ch"]
[Site "Zornotza"]
[Date "2014.04.24"]
[Round "4"]
[White "Sarralde Osua, Rodrigo"]
[Black "Alcaide Luque, Aitor"]
[Result "1/2-1/2"]
[WhiteElo "2351"]
[BlackElo "2179"]
[PlyCount "115"]
[EventDate "2014.04.21"]
[EventType "swiss"]
[EventRounds "7"]
[EventCountry "ESP"]
[SourceTitle "CBM 160 Extra"]
[Source "ChessBase"]
[SourceDate "2014.07.01"]
[SourceVersion "1"]
[SourceVersionDate "2014.07.01"]
[SourceQuality "1"]

1. c4 e6 2. g3 Nf6 3. Bg2 d5 4. d4 c5 5. e3 Nc6 6. Nf3 Bd6 7. 0-0 0-0 8. b3 cxd4 9. exd4 Bd7 10. Re1 Rc8 11. Ne5 dxc4 12. bxc4 Bb4 13. Bd2 Qa5 14. Nxd7 Nxd7 15. d5 exd5 16. cxd5 Nd4 17. Bxb4 Qxb4 18. Re4 Rfe8 19. Nd2 Rxe4 20. Nxe4 Rc2 21. h3 Kf8 22. Qh5 h6 23. Rd1 f5 24. Rxd4 Qxd4 25. Qxf5+ Nf6 26. d6 Rc1+ 27. Kh2 Qd5 28. Qf4 Rc4 29. Nxf6 Rxf4 30. Nxd5 Rf7 31. Kg1 Rd7 32. Nc3 Rxd6 33. Bxb7 Rd3 34. Nd5 Ra3 35. Nb4 a5 36. Nc2 Rxa2 37. Be4 Rb2 38. Kf1 a4 39. Ke1 Ke7 40. Kd2 Ke6 41. Kc3 Rb3+ 42. Kc4 Rb2 43. f4 Kf6 44. g4 Rb3 45. Bd3 Rb1 46. h4 Rh1 47. g5+ Ke7 48. Nd4 a3 49. Nc2 a2 50. gxh6 gxh6 51. Kb3 a1Q 52. Nxa1 Rxa1 53. Bg6 h5 54. Bxh5 Rh1 55. Bg6 Rxh4 56. f5 Kf6 57. Kb2 Rh3 58. Ka1 1/2-1/2

[Event "Mondragon op 13th"]
[Site "Mondragon"]
[Date "2013.12.29"]
[Round "6"]
[White "Ortega Fuentes, Luis Angel"]
[Black "Alcaide Luque, Aitor"]
[Result "1-0"]
[WhiteElo "2086"]
[BlackElo "2173"]
[PlyCount "95"]
[EventDate "2013.12.26"]
[EventType "swiss"]
[EventRounds "6"]
[EventCountry "ESP"]
[SourceTitle "CBM 158 Extra"]
[Source "ChessBase"]
[SourceDate "2014.02.28"]
[SourceVersion "1"]
[SourceVersionDate "2014.02.28"]
[SourceQuality "1"]

1. Nf3 f5 2. c4 Nf6 3. Nc3 e6 4. g3 b6 5. Bg2 Bb7 6. 0-0 Bb4 7. Qc2 0-0 8. a3 Bxc3 9. Qxc3 Qe8 10. Nd4 Bxg2 11. Kxg2 Qh5 12. Qf3 Qxf3+ 13. Nxf3 c5 14. d3 Nh5 15. b4 d6 16. Bg5 Rf7 17. bxc5 h6 18. Bd2 dxc5 19. Ne5 Rb7 20. a4 a5 21. Rfb1 Nf6 22. Rb5 Nfd7 23. Nxd7 Nxd7 24. Rab1 Rbb8 25. h3 Kf7 26. g4 Ke7 27. gxf5 exf5 28. Bc3 Kd6 29. Kf3 Rg8 30. h4 g6 31. Rg1 Kc6 32. Bd2 Rae8 33. Bxh6 Ne5+ 34. Kg3 Ng4 35. Bf4 Nf6 36. Kf3 Re6 37. Rb2 Kb7 38. Bd2 Kc6 39. Bc3 Ng4 40. Rgb1 Kc7 41. Kg3 g5 42. hxg5 Rxg5 43. f3 Ne3+ 44. Kf4 Reg6 45. Be5+ Kb7 46. Rh1 Ka6 47. Rh7 Nf1 48. Bb8 1-0

[Event "Donostia Gipuzkoa-ch"]
[Site "San Sebastian"]
[Date "2013.10.26"]
[Round "4"]
[White "Cejudo Urdampilleta, Jose Manuel"]
[Black "Alcaide Luque, Aitor"]
[Result "0-1"]
[WhiteElo "1922"]
[BlackElo "2164"]
[PlyCount "68"]
[EventDate "2013.10.05"]
[EventType "swiss"]
[EventRounds "7"]
[EventCountry "ESP"]
[SourceTitle "EXT 2015"]
[Source "ChessBase"]
[SourceDate "2014.11.20"]
[SourceVersion "1"]
[SourceVersionDate "2014.11.20"]
[SourceQuality "1"]

1. d4 e6 2. Nf3 d5 3. c4 Nf6 4. Nc3 Be7 5. Bg5 0-0 6. e3 h6 7. Bh4 b6 8. cxd5 exd5 9. Rc1 Bb7 10. Bd3 c5 11. 0-0 Nbd7 12. Qa4 c4 13. Bb1 a6 14. Qc2 b5 15. Ne5 Re8 16. Nxd7 Qxd7 17. Bxf6 Bxf6 18. Qh7+ Kf8 19. e4 g6 20. Qxh6+ Bg7 21. Qh4 dxe4 22. Rcd1 Qe7 23. Qg3 Rad8 24. Rfe1 Rxd4 25. h4 Be5 26. Qe3 Rxd1 27. Rxd1 Qxh4 28. g3 Qe7 29. Nd5 Bxd5 30. Rxd5 Bxb2 31. Qd2 Bg7 32. Rd7 e3 33. Rxe7 exd2 34. Rd7 Re1+ 0-1

[Event "La Pobla de Lillet op 22nd"]
[Site "La Pobla de Lillet"]
[Date "2012.08.09"]
[Round "9"]
[White "Moya Arau, Carles"]
[Black "Alcaide Luque, Aitor"]
[Result "0-1"]
[WhiteElo "2066"]
[BlackElo "2123"]
[PlyCount "126"]
[EventDate "2012.08.01"]
[EventType "swiss"]
[EventRounds "9"]
[EventCountry "ESP"]
[SourceTitle "CBM 149 Extra"]
[Source "ChessBase"]
[SourceDate "2012.08.24"]
[SourceVersion "1"]
[SourceVersionDate "2012.08.24"]
[SourceQuality "1"]

1. e4 e6 2. d4 d5 3. Nd2 Nf6 4. e5 Nfd7 5. Bd3 c5 6. c3 b6 7. Ngf3 Ba6 8. Bxa6 Nxa6 9. 0-0 Be7 10. Re1 b5 11. a3 0-0 12. Nf1 Qb6 13. h4 f6 14. exf6 Bxf6 15. h5 Nc7 16. h6 cxd4 17. cxd4 e5 18. Be3 e4 19. Ng5 Bxg5 20. Bxg5 Qg6 21. Be3 Ne6 22. hxg7 Qxg7 23. Rc1 Nf6 24. Rc6 Qd7 25. Qc2 Rfc8 26. Rc1 Rxc6 27. Qxc6 Qxc6 28. Rxc6 Kf7 29. Ng3 Ng8 30. Nf5 a6 31. Rd6 Nf6 32. Nh6+ Ke7 33. Rb6 Kd7 34. Nf5 Ne8 35. Bd2 N8c7 36. Rd6+ Ke8 37. Ba5 Rd8 38. Rc6 Kd7 39. Rc3 Rf8 40. Ng7 Rf7 41. Nh5 b4 42. Bxb4 Nb5 43. Rc2 Nbxd4 44. Rd2 Kc6 45. Ng3 Kb5 46. Ne2 Kc4 47. Nxd4 Nxd4 48. Rd1 Nb3 49. Re1 a5 50. Bd6 Rf6 51. Bg3 Re6 52. Kf1 d4 53. Ke2 e3 54. fxe3 Rxe3+ 55. Kf2 Rxe1 56. Kxe1 Kd3 57. Kd1 a4 58. Bf4 Na5 59. g4 Nc4 60. Bc1 Ne3+ 61. Bxe3 dxe3 62. Ke1 e2 63. g5 Ke3 0-1

[Event "La Pobla de Lillet op 22nd"]
[Site "La Pobla de Lillet"]
[Date "2012.08.07"]
[Round "7"]
[White "Roca Diaz, Miguel Angel"]
[Black "Alcaide Luque, Aitor"]
[Result "1/2-1/2"]
[WhiteElo "2045"]
[BlackElo "2123"]
[PlyCount "52"]
[EventDate "2012.08.01"]
[EventType "swiss"]
[EventRounds "9"]
[EventCountry "ESP"]
[SourceTitle "CBM 149 Extra"]
[Source "ChessBase"]
[SourceDate "2012.08.24"]
[SourceVersion "1"]
[SourceVersionDate "2012.08.24"]
[SourceQuality "1"]

1. d4 e6 2. Nf3 f5 3. g3 Nf6 4. Bg2 d5 5. c4 c6 6. 0-0 Bd6 7. Nc3 0-0 8. Qc2 Qe7 9. Bg5 h6 10. Bf4 Bxf4 11. gxf4 Nbd7 12. Ne5 Nxe5 13. fxe5 Ne4 14. Nxe4 fxe4 15. f4 Bd7 16. cxd5 exd5 17. Qb3 Bf5 18. Bh3 Qd7 19. Kg2 Rae8 20. Rac1 Re6 21. Bxf5 Rxf5 22. Rc3 Rg6+ 23. Rg3 Rxg3+ 24. Qxg3 Qe6 25. Kh1 Rf7 26. Rg1 Qf5 1/2-1/2

[Event "La Pobla de Lillet op 22nd"]
[Site "La Pobla de Lillet"]
[Date "2012.08.06"]
[Round "6"]
[White "Alcaide Luque, Aitor"]
[Black "Blasco Cusido, Francesco"]
[Result "1-0"]
[WhiteElo "2123"]
[BlackElo "1934"]
[PlyCount "101"]
[EventDate "2012.08.01"]
[EventType "swiss"]
[EventRounds "9"]
[EventCountry "ESP"]
[SourceTitle "CBM 149 Extra"]
[Source "ChessBase"]
[SourceDate "2012.08.24"]
[SourceVersion "1"]
[SourceVersionDate "2012.08.24"]
[SourceQuality "1"]

1. d4 Nf6 2. Nf3 e6 3. c4 c5 4. Nc3 cxd4 5. Nxd4 Nc6 6. g3 Qc7 7. Bg2 a6 8. 0-0 h5 9. h3 h4 10. g4 Nxd4 11. Qxd4 Bc5 12. Bf4 d6 13. Qd3 e5 14. Bg5 Be6 15. Bxf6 gxf6 16. Nd5 Bxd5 17. Bxd5 Ke7 18. b4 Bd4 19. Rac1 Qd7 20. Be4 Rhg8 21. Qf3 Rg5 22. Bf5 Qc6 23. Qxc6 bxc6 24. e3 Ba7 25. a4 Rgg8 26. Rfd1 Rab8 27. Rb1 Rgd8 28. Be4 Rbc8 29. Kg2 Rc7 30. Kf3 Rb8 31. Rd2 a5 32. Rdb2 axb4 33. Rxb4 Rxb4 34. Rxb4 Bc5 35. Rb8 Ke6 36. Rd8 Ke7 37. Ra8 Ra7 38. Rxa7+ Bxa7 39. Bxc6 Bc5 40. a5 Ba7 41. Ke4 Bc5 42. Kf5 Ba7 43. g5 fxg5 44. Kxg5 Bc5 45. Kxh4 Kf6 46. Kg4 Kg6 47. Be8 Ba7 48. h4 Kg7 49. Kg5 f6+ 50. Kf5 Bc5 51. h5 1-0

[Event "Euskadi-ch"]
[Site "Zornotza"]
[Date "2012.04.12"]
[Round "4"]
[White "Uriarte Prieto, Goyo"]
[Black "Alcaide Luque, Aitor"]
[Result "1/2-1/2"]
[WhiteElo "2039"]
[BlackElo "2135"]
[PlyCount "93"]
[EventDate "2012.04.09"]
[EventType "swiss"]
[EventRounds "7"]
[EventCountry "ESP"]
[SourceTitle "CBM 147 Extra"]
[Source "ChessBase"]
[SourceDate "2012.04.24"]
[SourceVersion "1"]
[SourceVersionDate "2012.04.24"]
[SourceQuality "1"]

1. e4 e6 2. d4 d5 3. e5 c5 4. c3 Nc6 5. Nf3 Bd7 6. Be2 Nge7 7. 0-0 Ng6 8. a3 Be7 9. b4 cxd4 10. cxd4 0-0 11. Nc3 f6 12. Bd3 Be8 13. exf6 Bxf6 14. Be3 Rc8 15. Rc1 Nh4 16. Nxh4 Bxh4 17. Qg4 Bf7 18. Qh3 g6 19. Nxd5 exd5 20. b5 Bf6 21. bxc6 Rxc6 22. Rxc6 bxc6 23. Rc1 Qd6 24. Bf1 Be6 25. Qg3 Qd7 26. Bh6 Re8 27. Qf4 Be7 28. Qe5 Bxa3 29. Rxc6 Bf5 30. Qf6 Qe7 31. Qxe7 Rxe7 32. Be3 a5 33. g3 Rb7 34. f3 Bd7 35. Rc2 a4 36. Bd3 Bb2 37. Rc5 a3 38. Bb1 Bxd4 39. Bxd4 Rxb1+ 40. Kf2 Be6 41. Ra5 Rb3 42. g4 Rd3 43. Bc5 Rd2+ 44. Ke3 Rxh2 45. Bxa3 h5 46. Ra8+ Kg7 47. Bd6 1/2-1/2

[Event "Euskadi-ch"]
[Site "Zornotza"]
[Date "2012.04.11"]
[Round "3"]
[White "Alcaide Luque, Aitor"]
[Black "Prieto Aranguren, Alain"]
[Result "0-1"]
[WhiteElo "2135"]
[BlackElo "2219"]
[PlyCount "112"]
[EventDate "2012.04.09"]
[EventType "swiss"]
[EventRounds "7"]
[EventCountry "ESP"]
[SourceTitle "CBM 147 Extra"]
[Source "ChessBase"]
[SourceDate "2012.04.24"]
[SourceVersion "1"]
[SourceVersionDate "2012.04.24"]
[SourceQuality "1"]

1. c4 e5 2. g3 Nf6 3. Bg2 g6 4. Nc3 Bg7 5. d3 0-0 6. e4 Nc6 7. Nge2 d6 8. Rb1 a5 9. 0-0 Nd7 10. Be3 Nc5 11. Qd2 Nd4 12. b4 axb4 13. Rxb4 Ra3 14. Nc1 c6 15. Nb1 Ra8 16. Qb2 Na4 17. Qd2 c5 18. Rb3 Nxb3 19. axb3 Nb6 20. Nc3 Be6 21. Nb5 Qd7 22. Ne2 Nc8 23. Rb1 Na7 24. Nbc3 Nc6 25. Na4 Qc7 26. Nec3 Nd4 27. Qd1 Qa5 28. Bd2 Qa6 29. Bf1 Qc6 30. Rb2 Ra6 31. Be3 Qd7 32. f3 f5 33. Bg2 f4 34. Bf2 fxg3 35. hxg3 Bh3 36. Bxd4 cxd4 37. Nd5 Bxg2 38. Kxg2 b5 39. cxb5 Ra5 40. b6 Bh6 41. Rc2 Rxd5 42. exd5 Qb5 43. Rc7 Qxd5 44. b7 Be3 45. Nb6 Qa5 46. Qh1 h5 47. Na8 Qd2+ 48. Kh3 Qxd3 49. Rc8 Qxb3 50. f4 Qe6+ 51. Kh2 Rxc8 52. bxc8Q+ Qxc8 53. Qd5+ Kg7 54. fxe5 Qc2+ 55. Kh3 Qf5+ 56. Kg2 dxe5 0-1

[Event "Euskadi-chT (Vasca) Div 1st"]
[Site "Bergara"]
[Date "2012.01.28"]
[Round "3.3"]
[White "Alcaide Luque, Aitor"]
[Black "Monje Peinado, Roberto"]
[Result "1-0"]
[WhiteElo "2135"]
[BlackElo "2065"]
[PlyCount "57"]
[EventDate "2012.01.14"]
[EventType "team-tourn"]
[EventRounds "9"]
[EventCountry "ESP"]
[SourceTitle "EXT 2024"]
[Source "ChessBase"]
[SourceDate "2023.10.10"]
[SourceVersion "1"]
[SourceVersionDate "2023.10.10"]
[SourceQuality "1"]

1. d4 f5 2. Nh3 g6 3. Nf4 Bg7 4. h4 Nc6 5. c3 e5 6. dxe5 Nxe5 7. Nd3 d5 8. Nd2 Nxd3+ 9. exd3 Qe7+ 10. Qe2 Bd7 11. Nf3 0-0-0 12. Qxe7 Nxe7 13. Bf4 Nc6 14. d4 Rde8+ 15. Kd2 Nd8 16. Bd3 Ne6 17. Be5 Bh6+ 18. Kc2 Rhf8 19. g3 a5 20. a4 Bc6 21. b4 axb4 22. cxb4 b6 23. b5 Bd7 24. a5 bxa5 25. b6 Kb7 26. bxc7 Nxc7 27. Rhb1+ Kc8 28. Rxa5 Re6 29. Ra8+ 1-0

[Event "Euskadi-chT (Vasca) Div 1st"]
[Site "Bergara"]
[Date "2012.01.14"]
[Round "1.2"]
[White "Alcaide Luque, Aitor"]
[Black "Ros Eskisabel, Jose Ramon"]
[Result "1/2-1/2"]
[WhiteElo "2135"]
[BlackElo "2100"]
[PlyCount "20"]
[EventDate "2012.01.14"]
[EventType "team-tourn"]
[EventRounds "9"]
[EventCountry "ESP"]
[SourceTitle "EXT 2024"]
[Source "ChessBase"]
[SourceDate "2023.10.10"]
[SourceVersion "1"]
[SourceVersionDate "2023.10.10"]
[SourceQuality "1"]

1. d4 Nf6 2. c4 c5 3. d5 b5 4. cxb5 a6 5. bxa6 g6 6. Qc2 d6 7. e4 Bg7 8. Nf3 0-0 9. Nc3 Nbd7 10. Be2 Bxa6 1/2-1/2

[Event "Euskadi-ch"]
[Site "Zornotza"]
[Date "2011.04.28"]
[Round "7"]
[White "Alcaide Luque, Aitor"]
[Black "Guijarro Galan, Jose Luis"]
[Result "0-1"]
[WhiteElo "2192"]
[BlackElo "2206"]
[PlyCount "63"]
[EventDate "2011.04.23"]
[EventType "swiss"]
[EventRounds "7"]
[EventCountry "ESP"]
[SourceTitle "EXT 2018"]
[Source "ChessBase"]
[SourceDate "2017.10.13"]
[SourceVersion "1"]
[SourceVersionDate "2017.10.13"]
[SourceQuality "1"]

1. d4 d5 2. c4 e6 3. Nc3 Nf6 4. Bg5 c6 5. e3 Nbd7 6. Nf3 Qa5 7. Nd2 dxc4 8. Bxf6 Nxf6 9. Nxc4 Qc7 10. Bd3 Bd6 11. f4 Nd5 12. 0-0 Bd7 13. e4 Nxc3 14. bxc3 b5 15. Ne5 Bxe5 16. fxe5 c5 17. Qh5 0-0 18. d5 c4 19. Bc2 Rae8 20. Rae1 g6 21. Qg5 exd5 22. exd5 Qc5+ 23. Kh1 Qxd5 24. h4 Qe6 25. Re4 Bc6 26. Rf6 Qd7 27. Rd6 f6 28. Qg3 Qc7 29. Rg4 Rxe5 30. Bxg6 Qxd6 31. Bxh7+ Kf7 32. Rd4 0-1

[Event "Euskadi-ch"]
[Site "Zornotza"]
[Date "2011.04.25"]
[Round "3"]
[White "Alcaide Luque, Aitor"]
[Black "Diaz Herrero, Alvaro"]
[Result "0-1"]
[WhiteElo "2192"]
[BlackElo "2126"]
[PlyCount "104"]
[EventDate "2011.04.23"]
[EventType "swiss"]
[EventRounds "7"]
[EventCountry "ESP"]
[SourceTitle "EXT 2018"]
[Source "ChessBase"]
[SourceDate "2017.10.13"]
[SourceVersion "1"]
[SourceVersionDate "2017.10.13"]
[SourceQuality "1"]

1. d4 g6 2. c4 d6 3. e4 e5 4. d5 Bh6 5. Bxh6 Nxh6 6. Qd2 Ng4 7. f3 Nf6 8. Bd3 Nbd7 9. Nh3 Qe7 10. Nf2 h5 11. Nc3 Nc5 12. Bc2 a5 13. 0-0-0 Kf8 14. h4 Kg7 15. g3 Bd7 16. f4 Rhb8 17. a4 Qe8 18. b3 Ra6 19. Kb2 Rb6 20. Ka3 c6 21. f5 Rb4 22. g4 b5 23. dxc6 Rxb3+ 24. Bxb3 b4+ 25. Ka2 bxc3 26. Qxd6 Rxb3 27. Qxc5 Rb2+ 28. Ka1 Qb8 29. Qa3 Bxc6 30. Rb1 hxg4 31. Nd3 Bxe4 32. Qxc3 Rxb1+ 33. Rxb1 Qd6 34. Rd1 gxf5 35. c5 Qd7 36. Nb2 Qc7 37. Rd6 Nd7 38. Qe3 f6 39. Nd3 Bxd3 40. Qxd3 Nxc5 41. Qd5 Nb3+ 42. Kb2 Qc1+ 43. Kxb3 Qb1+ 44. Kc4 Qa2+ 45. Kb5 Qxd5+ 46. Rxd5 g3 47. Rd1 f4 48. Kc4 f3 49. Kd3 f5 50. Ke3 e4 51. Rd6 Kf7 52. h5 f4+ 0-1

[Event "Euskadi-chT (Vasca) Div Honor"]
[Site "Bergara"]
[Date "2011.02.26"]
[Round "8.3"]
[White "Argandona Riveiro, Inigo"]
[Black "Alcaide Luque, Aitor"]
[Result "1-0"]
[WhiteElo "2383"]
[BlackElo "2192"]
[PlyCount "66"]
[EventDate "2011.01.08"]
[EventType "team-tourn"]
[EventRounds "9"]
[EventCountry "ESP"]
[SourceTitle "EXT 2024"]
[Source "ChessBase"]
[SourceDate "2023.10.10"]
[SourceVersion "1"]
[SourceVersionDate "2023.10.10"]
[SourceQuality "1"]

1. e4 e6 2. d3 d5 3. Nd2 Nf6 4. Ngf3 b6 5. c3 c5 6. Qa4+ Qd7 7. Qc2 Qc7 8. Be2 Be7 9. 0-0 0-0 10. Re1 Bb7 11. Bf1 Nc6 12. b3 Rac8 13. a3 a5 14. Bb2 Rfd8 15. Rac1 Ne5 16. Nxe5 Qxe5 17. exd5 Qxd5 18. Nc4 Qc6 19. Qe2 Qc7 20. Ne5 Nd5 21. c4 Nf4 22. Qg4 Ng6 23. f4 Bf6 24. Rc2 Bxe5 25. fxe5 Ne7 26. Re3 Nf5 27. Rh3 Nd4 28. Bxd4 Rxd4 29. Qh5 h6 30. Rf2 Rcd8 31. Rg3 Kf8 32. Qg6 Kg8 33. Qh5 R8d7 1-0

[Event "Euskadi-chT (Vasca) Div Honor"]
[Site "Bergara"]
[Date "2011.01.22"]
[Round "3"]
[White "Alcaide Luque, Aitor"]
[Black "Jimenez Martin, Gustavo"]
[Result "1/2-1/2"]
[WhiteElo "2192"]
[BlackElo "2158"]
[PlyCount "36"]
[EventDate "2011.01.08"]
[EventType "team-tourn"]
[EventRounds "9"]
[EventCountry "ESP"]
[SourceTitle "EXT 2024"]
[Source "ChessBase"]
[SourceDate "2023.10.10"]
[SourceVersion "1"]
[SourceVersionDate "2023.10.10"]
[SourceQuality "1"]

1. d4 d5 2. c4 e6 3. Nc3 f5 4. Nf3 Nf6 5. Bf4 Bd6 6. Ne5 0-0 7. e3 c6 8. Bd3 Qe7 9. Qc2 Nbd7 10. cxd5 exd5 11. Nxd7 Bxd7 12. 0-0 Bxf4 13. exf4 Ne4 14. Rfe1 Qf6 15. Rad1 Rae8 16. Bf1 Re7 17. Qd3 Rfe8 18. Re2 Nd6 1/2-1/2

[Event "Euskadi-ch"]
[Site "Zornotza"]
[Date "2010.04.09"]
[Round "5"]
[White "Alcaide Luque, Aitor"]
[Black "Limeres Guiance, Cristobal"]
[Result "0-1"]
[WhiteElo "2144"]
[BlackElo "2239"]
[PlyCount "64"]
[EventDate "2010.04.05"]
[EventType "swiss"]
[EventRounds "7"]
[EventCountry "ESP"]
[SourceTitle "CBM 136 Extra"]
[Source "ChessBase"]
[SourceDate "2010.07.02"]
[SourceVersion "2"]
[SourceVersionDate "2010.07.15"]
[SourceQuality "1"]

1. d4 e6 2. Nf3 f5 3. g3 b5 4. a4 b4 5. Bg2 Bb7 6. c4 Nf6 7. 0-0 Be7 8. d5 g6 9. Ng5 exd5 10. cxd5 Bd6 11. e4 fxe4 12. Nxe4 Nxe4 13. Bxe4 0-0 14. Qg4 Qf6 15. Bg5 Qf7 16. Qd1 Na6 17. Be3 Nc5 18. Bg2 Rab8 19. Qc2 b3 20. Qc3 Bxd5 21. Bxc5 Bxg2 22. Bxd6 Bxf1 23. Bxf8 Rxf8 24. Qe3 Re8 25. Qc3 Qd5 26. f3 Bh3 27. Nd2 Re2 28. Ne4 Qe6 29. Rd1 Rc2 30. Qd4 Qb6 31. Nf6+ Kf7 32. Nxh7 Rc1 0-1

[Event "Euskadi-chT"]
[Site "Bergara"]
[Date "2010.02.20"]
[Round "6.3"]
[White "Alcaide Luque, Aitor"]
[Black "Carasa Del Portillo, Mikel"]
[Result "1/2-1/2"]
[WhiteElo "2144"]
[BlackElo "2043"]
[PlyCount "32"]
[EventDate "2010.01.09"]
[EventType "team-tourn"]
[EventRounds "9"]
[EventCountry "ESP"]
[SourceTitle "EXT 2011"]
[Source "ChessBase"]
[SourceDate "2010.11.26"]
[SourceVersion "1"]
[SourceVersionDate "2010.11.26"]
[SourceQuality "1"]

1. d4 d5 2. c4 c6 3. Nc3 dxc4 4. e4 b5 5. a4 b4 6. Nce2 Nf6 7. Ng3 e5 8. Nf3 Bg4 9. dxe5 Qxd1+ 10. Kxd1 Nfd7 11. Bxc4 Nxe5 12. Be2 Nbd7 13. Nxe5 Nxe5 14. Bxg4 Nxg4 15. Ke2 0-0-0 16. Bf4 g6 1/2-1/2